000 00212nam a2200085Ia 4500
008 170617s9999 xx 000 0 und d
100 _aKaur Baljit
245 0 _aCommunity Health Nursing Procedures
260 _bJAYPEE BROTHERS
260 _c2012
999 _c12905
_d12905